000 00314nam a22001337a 4500
008 170828b xxu||||| |||| 00| 0 eng d
020 _a152950369012009076926101
041 _aeng
080 _a070
100 _a39
101 _aMED
245 _aCRITICAL MEDIA IN COMMUNICATION
_cBAYM.G
942 _2udc
_cBK
999 _c25133
_d25133